UBT Library

DISEASES OF THE GASTROINTESTINAL TRACT AND LIVER (Record no. 9858)

000 -LEADER
fixed length control field 00298nam a22001217a 4500
008 - FIXED-LENGTH DATA ELEMENTS--GENERAL INFORMATION
fixed length control field 170405b xxu||||| |||| 00| 0 eng d
041 ## - LANGUAGE CODE
Language code of text/sound track or separate title eng
080 ## - UNIVERSAL DECIMAL CLASSIFICATION NUMBER
Edition identifier 3RD
Universal Decimal Classification number 616.34
100 ## - Rafti
Rafti 9
101 ## - Shkurtesa
Shkurtesa SHM
245 ## - TITLE STATEMENT
Title DISEASES OF THE GASTROINTESTINAL TRACT AND LIVER
Statement of responsibility, etc SHEARMAN, D.J.V
942 ## - ADDED ENTRY ELEMENTS (KOHA)
Source of classification or shelving scheme
Item type Books
Holdings
Withdrawn status Lost status Source of classification or shelving scheme Damaged status Not for loan Collection code Permanent location Current location Shelving location Date acquired Total Checkouts Full call number Barcode Date last seen Price effective from Koha item type
          Koleksioni i përgjithshem UBT - Lipjan UBT - Lipjan Koleksioni i përgjithshem 04/05/2017   616.34 SHE 002-278688 04/05/2017 04/05/2017 Books
UBT Library © 2015-2024. All rights reserved University Education for Business and Technology